00509nam a2200133Ia 4500008004100000082001700041100002800058245006800086250000600154260007100160300000800231630006800239730006800307100122s9999 xx 000 0 und d b32080a786.7 aभिडे भा ग aहार्मानियम गाईड (क.क्र.8/2) a2 bगोपाळ सखाराम आणि कंपनीc1981 a168 aहार्मानियम गाईड (क.क्र.8/2) aहार्मानियम गाईड (क.क्र.8/2)